| 000 | 00880cam a22002414a 4500 | ||
|---|---|---|---|
| 020 | _a9781933115689 (hardcover : alk. paper) | ||
| 020 | _a1933115688 (hardcover : alk. paper) | ||
| 020 | _a9781933115672 (pbk. : alk. paper) | ||
| 020 | _a193311567X (pbk. : alk. paper) | ||
| 040 | _cDLC | ||
| 082 | 0 | 0 | _a333 RES 2008 C161 Or. |
| 245 | 0 | 0 |
_aForest community connections : _bimplications for research, management, and governance / |
| 260 |
_aWashington, DC : _bResources for the Future, _cc2008. |
||
| 300 |
_axi, 280 p. : _bill., maps ; _c25 cm. |
||
| 500 | _a"An RFF Press book"--T.p. verso. | ||
| 650 | 0 | _aForest management | |
| 650 | 0 | _aCommunity forestry | |
| 650 | 0 | _aForests and forestry, Cooperative | |
| 700 | 1 | _aDonoghue, Ellen M. | |
| 700 | 1 | _aSturtevant, Victoria Elmore, | |
| 856 | 4 | 1 | _uhttp://www.loc.gov/catdir/toc/ecip087/2007050918.html |
| 942 | _cAEDBB | ||
| 999 |
_c19099 _d19099 |
||